[Event "Shumov mem corr"]
[Site "Russia"]
[Date "2002.07.01"]
[Round "?"]
[White "Martinsons, Ilmars"]
[Black "Diaz Rubi, Felipe"]
[Result "0-1"]
[WhiteElo "2220"]
[BlackElo "2265"]
[PlyCount "72"]
[EventDate "2000.07.01"]
[EventType "tourn (corr)"]
[EventRounds "14"]
[EventCountry "RUS"]
[EventCategory "5"]
[SourceTitle "Corr 2006"]
[Source "ChessBase"]
[SourceDate "2006.04.01"]
[SourceVersion "3"]
[SourceVersionDate "2006.04.01"]
[SourceQuality "1"]

1. e4 c5 2. Nf3 d6 3. d4 cxd4 4. Nxd4 Nf6 5. Nc3 a6 6. Be3 e5 7. Nb3 Be6 8. Be2 Be7 9. 0-0 0-0 10. f4 exf4 11. Rxf4 Nc6 12. Nd4 Nxd4 13. Qxd4 Rc8 14. Rf2 d5 15. e5 Bc5 16. Qxc5 Rxc5 17. Bxc5 Ne4 18. Nxe4 dxe4 19. Bxf8 Kxf8 20. Rd1 Qa5 21. a3 Qxe5 22. c3 Ke7 23. Rd4 f5 24. Rf1 g5 25. a4 Kf6 26. Rfd1 Qc7 27. Rb4 Ke5 28. Kf1 h5 29. Rbd4 h4 30. Bh5 h3 31. g3 Qh7 32. Bf3 exf3 33. Re1+ Kf6 34. Rd6 Qe7 35. Rb6 g4 36. b3 f4 0-1

[Event "Shumov mem corr"]
[Site "Russia"]
[Date "2002.07.01"]
[Round "?"]
[White "Martinsons, Ilmars"]
[Black "Istomin, Aleksandr Vasilievi"]
[Result "1/2-1/2"]
[WhiteElo "2220"]
[BlackElo "2339"]
[PlyCount "69"]
[EventDate "2000.07.01"]
[EventType "tourn (corr)"]
[EventRounds "14"]
[EventCountry "RUS"]
[EventCategory "5"]
[SourceTitle "Corr 2006"]
[Source "ChessBase"]
[SourceDate "2006.04.01"]
[SourceVersion "3"]
[SourceVersionDate "2006.04.01"]
[SourceQuality "1"]

1. e4 e5 2. Nf3 Nc6 3. Bc4 Bc5 4. d3 Nf6 5. Nc3 d6 6. a3 Bg4 7. Na4 Bxf3 8. gxf3 0-0 9. Rg1 Qd7 10. Nxc5 dxc5 11. Be3 Qh3 12. Qd2 b6 13. 0-0-0 g6 14. Rg3 Qxh2 15. Rdg1 Nh5 16. Rg4 Na5 17. Qe1 Nxc4 18. Rh1 Qxh1 19. Qxh1 Nxe3 20. fxe3 Nf6 21. Rg5 Rfe8 22. Qh2 Nd7 23. Qh6 Rad8 24. b3 f6 25. Rg4 c6 26. f4 a5 27. f5 g5 28. Kd2 a4 29. Rg1 Ra8 30. Ra1 Re7 31. Ke2 b5 32. Kf3 Rg7 33. Kg4 Ra7 34. Qh5 Kf8 35. Ra2 1/2-1/2

[Event "Shumov mem corr"]
[Site "Russia"]
[Date "2002.07.01"]
[Round "?"]
[White "Martinsons, Ilmars"]
[Black "Kokorin, Vladimir Nikolaevic"]
[Result "0-1"]
[WhiteElo "2220"]
[BlackElo "2361"]
[PlyCount "64"]
[EventDate "2000.07.01"]
[EventType "tourn (corr)"]
[EventRounds "14"]
[EventCountry "RUS"]
[EventCategory "5"]
[SourceTitle "Corr 2006"]
[Source "ChessBase"]
[SourceDate "2006.04.01"]
[SourceVersion "3"]
[SourceVersionDate "2006.04.01"]
[SourceQuality "1"]

1. e4 Nc6 2. d4 d5 3. e5 Bf5 4. c3 f6 5. Bb5 fxe5 6. dxe5 e6 7. Bxc6+ bxc6 8. g4 Bg6 9. Be3 Rb8 10. b3 c5 11. Nh3 Nh6 12. Nf4 Qg5 13. Nxe6 Qxe5 14. Nxf8 Rxf8 15. 0-0 Bc2 16. Qe2 d4 17. Na3 Bg6 18. Nc4 Qe6 19. Rae1 dxe3 20. Nxe3 Rd8 21. g5 Ng8 22. Qb5+ Kf7 23. Rd1 Ne7 24. Qxc5 Qc6 25. Qxc6 Nxc6 26. h4 Bd3 27. Rfe1 Ne5 28. Kg2 Kg8 29. f4 Rxf4 30. Nc2 Rdf8 31. Rxe5 Bxc2 32. Rd2 Be4+ 0-1

[Event "Shumov mem corr"]
[Site "Russia"]
[Date "2002.07.01"]
[Round "?"]
[White "Martinsons, Ilmars"]
[Black "Muzyka, Yury Avraamovich"]
[Result "0-1"]
[WhiteElo "2220"]
[BlackElo "2467"]
[PlyCount "52"]
[EventDate "2000.07.01"]
[EventType "tourn (corr)"]
[EventRounds "14"]
[EventCountry "RUS"]
[EventCategory "5"]
[SourceTitle "Corr 2006"]
[Source "ChessBase"]
[SourceDate "2006.04.01"]
[SourceVersion "3"]
[SourceVersionDate "2006.04.01"]
[SourceQuality "1"]

1. e4 e5 2. Nf3 Nc6 3. Bc4 Bc5 4. d3 Nf6 5. Nc3 d6 6. a3 Be6 7. Bxe6 fxe6 8. Na4 Bb6 9. Bg5 0-0 10. Qd2 Nd4 11. Nxb6 Nxf3+ 12. gxf3 axb6 13. Rg1 Qe8 14. 0-0-0 Nh5 15. f4 Nxf4 16. Bh6 Rf7 17. Rg4 Ng6 18. Be3 c5 19. h4 b5 20. c3 Ne7 21. Rdg1 Kh8 22. h5 Nc6 23. Kb1 b4 24. axb4 cxb4 25. cxb4 Nd4 26. Bxd4 exd4 0-1

[Event "Shumov mem corr"]
[Site "Russia"]
[Date "2002.07.01"]
[Round "?"]
[White "Martinsons, Ilmars"]
[Black "Vayser, Vladimir Abramovich"]
[Result "1/2-1/2"]
[WhiteElo "2220"]
[BlackElo "2428"]
[PlyCount "45"]
[EventDate "2000.07.01"]
[EventType "tourn (corr)"]
[EventRounds "14"]
[EventCountry "RUS"]
[EventCategory "5"]
[SourceTitle "Corr 2006"]
[Source "ChessBase"]
[SourceDate "2006.04.01"]
[SourceVersion "3"]
[SourceVersionDate "2006.04.01"]
[SourceQuality "1"]

1. e4 e5 2. Nf3 Nc6 3. Bc4 Bc5 4. d3 Nf6 5. Nc3 d6 6. a3 a6 7. Nd5 Nxd5 8. Bxd5 0-0 9. Be3 Nd4 10. c3 Ne6 11. d4 Ba7 12. Ba2 exd4 13. cxd4 Bd7 14. 0-0 Re8 15. b4 c6 16. Qd2 h6 17. d5 Bxe3 18. fxe3 cxd5 19. Bxd5 Bc6 20. Rac1 Bxd5 21. Qxd5 Qb6 22. Nd4 Rad8 23. Rxf7 1/2-1/2

[Event "Shumov mem corr"]
[Site "Russia"]
[Date "2000.??.??"]
[Round "?"]
[White "Martinsons, Ilmars"]
[Black "Gilimshin, Azamat Ulfatovich"]
[Result "0-1"]
[WhiteElo "2220"]
[BlackElo "2565"]
[PlyCount "88"]
[EventDate "2000.07.01"]
[EventType "tourn (corr)"]
[EventRounds "14"]
[EventCountry "RUS"]
[EventCategory "5"]
[SourceTitle "Corr 2002"]
[Source "ChessBase"]
[SourceDate "2002.05.23"]
[SourceVersion "1"]
[SourceVersionDate "2002.05.23"]
[SourceQuality "1"]

1. e4 e6 2. d4 d5 3. Nc3 Bb4 4. a3 Bxc3+ 5. bxc3 dxe4 6. Qg4 Nf6 7. Qxg7 Rg8 8. Qh6 Nbd7 9. Ne2 c5 10. Bg5 Rg6 11. Bxf6 Nxf6 12. Qf4 cxd4 13. cxd4 Qa5+ 14. Qd2 Qxd2+ 15. Kxd2 Ng4 16. f3 exf3 17. gxf3 Nf6 18. Ng3 Bd7 19. Bd3 Rh6 20. c4 Bc6 21. Ke3 Rh4 22. Rag1 Rd8 23. Ne2 a6 24. h3 Ke7 25. Kf2 h6 26. Rg3 b5 27. Rc1 bxc4 28. Bxc4 Nh5 29. Bxe6 Nxg3 30. Kxg3 Bxf3 31. Bg4 Rxg4+ 32. hxg4 Bxe2 33. Re1 Rxd4 34. Rxe2+ Kf6 35. Rf2+ Kg6 36. Rf3 f6 37. Rc3 a5 38. Rb3 a4 39. Rf3 Re4 40. Kh3 Re2 41. Kh4 Rh2+ 42. Kg3 Rb2 43. Kf4 Rb3 44. Re3 Rxe3 0-1

[Event "Shumov mem corr"]
[Site "Russia"]
[Date "2000.??.??"]
[Round "?"]
[White "Martinsons, Ilmars"]
[Black "Neborak, Yury Trofimovich"]
[Result "1/2-1/2"]
[WhiteElo "2220"]
[BlackElo "2363"]
[PlyCount "74"]
[EventDate "2000.07.01"]
[EventType "tourn (corr)"]
[EventRounds "14"]
[EventCountry "RUS"]
[EventCategory "5"]
[SourceTitle "Corr 2002"]
[Source "ChessBase"]
[SourceDate "2002.05.23"]
[SourceVersion "1"]
[SourceVersionDate "2002.05.23"]
[SourceQuality "1"]

1. e4 c5 2. Nf3 d6 3. d4 cxd4 4. Nxd4 Nf6 5. Nc3 a6 6. Be3 e5 7. Nf3 Be7 8. Bc4 0-0 9. 0-0 Be6 10. Bd5 Bxd5 11. Nxd5 Nbd7 12. Nxe7+ Qxe7 13. Nd2 d5 14. exd5 Nxd5 15. Re1 Rfd8 16. Nb3 Nxe3 17. Rxe3 Rac8 18. Qe2 f6 19. Rd1 Nb6 20. Red3 Rxd3 21. Rxd3 Nc4 22. c3 Qe8 23. Nc1 Qc6 24. b3 Nd6 25. Qd2 Ne4 26. Rd8+ Rxd8 27. Qxd8+ Kf7 28. Ne2 f5 29. Qd3 g6 30. Qe3 Qd6 31. Ng3 Ke6 32. h3 Nxg3 33. Qxg3 Qd1+ 34. Kh2 e4 35. Qe3 Qd3 36. Qh6 Qd6+ 37. Kg1 Qc5 1/2-1/2